Up a country lane cookbook /

Bibliographic Details
Main Author: Birkby, Evelyn
Corporate Author: NetLibrary, Inc
Format: eBook
Language:English
Published: Iowa City : University of Iowa Press, [1993]
Series:Bur oak original.
Subjects:
Online Access:Connect to the full text of this electronic book

MARC

Tag First Indicator Second Indicator Subfields
LEADER 00000cam a2200000La 4500
001 in00001751007
005 20220105121043.0
006 m u
007 cr cn-
008 000807s1993 iauab s s001 0 eng d
010 |z  93020659  
020 |a 1587290162 (electronic bk.) :  |c $22.95 
020 |z 0877454205 (cloth : acid-free paper) 
035 |a (OCoLC)ocm44959476 
040 |a N$T  |c N$T  |d OCL  |d UtOrBLW 
043 |a n-usc--  |a n-us-ia 
049 |a IKMN 
050 1 4 |a TX715.2.M53  |b B57 1993eb 
082 0 4 |a 641.5977  |2 20 
100 1 |a Birkby, Evelyn.  |0 http://id.loc.gov/authorities/names/n85369526 
245 1 0 |a Up a country lane cookbook /  |c by Evelyn Birkby ; foreword by Jane and Michael Stern. 
264 1 |a Iowa City :  |b University of Iowa Press,  |c [1993] 
264 4 |c ©1993 
300 |a xvii, 254 pages :  |b illustrations, map ;  |c 25 cm. 
336 |a text  |b txt  |2 rdacontent 
337 |a computer  |b c  |2 rdamedia 
338 |a online resource  |b cr  |2 rdacarrier 
490 1 |a A Bur oak original 
500 |a Includes index. 
533 |a Electronic reproduction.  |b Boulder, Colo. :  |c NetLibrary,  |d 2000.  |n Available via the World Wide Web.  |n Available in multiple electronic file formats.  |n Access may be limited to NetLibrary affiliated libraries. 
500 |a Electronic resource. 
650 0 |a Cooking, American  |x Midwestern style.  |0 http://id.loc.gov/authorities/subjects/sh90002574 
650 0 |a Farm life  |z Iowa.  |0 http://id.loc.gov/authorities/subjects/sh2009124124 
655 7 |a Electronic books.  |2 local 
710 2 |a NetLibrary, Inc.  |0 http://id.loc.gov/authorities/names/no99080690 
776 1 |c Original  |w (DLC) 93020659  |w (OCoLC)28255832 
830 0 |a Bur oak original.  |0 http://id.loc.gov/authorities/names/n86737923 
856 4 1 |u https://proxy.library.tamu.edu/login?url=http://www.netLibrary.com/urlapi.asp?action=summary&v=1&bookid=21943  |z Connect to the full text of this electronic book  |t 0 
994 |a 92  |b IKM 
999 |a MARS 
999 f f |s 98b2977c-8cb5-3748-98b1-f4c3a79520ca  |i 168ab52b-1c0f-3d96-ad3d-662de92f6c95  |t 0 
952 f f |a Texas A&M University  |b College Station  |c Electronic Resources  |d Available Online  |t 0  |e TX715.2.M53 B57 1993eb  |h Library of Congress classification 
998 f f |a TX715.2.M53 B57 1993eb  |t 0  |l Available Online